<?xml version="1.0" encoding="UTF-8"?>
<marc:record xmlns:marc="http://www.loc.gov/MARC21/slim">
   <marc:leader>00000nam a2200000 a 4500</marc:leader>
   <marc:datafield ind1="1" ind2=" " tag="100">
      <marc:subfield code="a">Dogan, Rabia</marc:subfield>
      <marc:subfield code="4">aut</marc:subfield>
      <marc:subfield code="e">Verfasser/-in</marc:subfield>
   </marc:datafield>
   <marc:datafield ind1=" " ind2=" " tag="653">
      <marc:subfield code="a">Stummheit</marc:subfield>
   </marc:datafield>
   <marc:datafield ind1=" " ind2=" " tag="653">
      <marc:subfield code="a">Mutismus</marc:subfield>
   </marc:datafield>
   <marc:datafield ind1=" " ind2=" " tag="653">
      <marc:subfield code="a">Liebe</marc:subfield>
   </marc:datafield>
   <marc:datafield ind1="0" ind2="0" tag="245">
      <marc:subfield code="a">Staying was the hardest Part</marc:subfield>
   </marc:datafield>
   <marc:datafield ind1="0" ind2="0" tag="245">
      <marc:subfield code="c">Rabia Dogan</marc:subfield>
   </marc:datafield>
   <marc:datafield ind1=" " ind2="1" tag="264">
      <marc:subfield code="a">Hamburg</marc:subfield>
      <marc:subfield code="b">Carlsen</marc:subfield>
      <marc:subfield code="c">2023</marc:subfield>
   </marc:datafield>
   <marc:datafield ind1="1" ind2=" " tag="490">
      <marc:subfield code="a">Hardest Part</marc:subfield>
      <marc:subfield code="v">01</marc:subfield>
   </marc:datafield>
   <marc:datafield ind1=" " ind2=" " tag="250">
      <marc:subfield code="a">1. Aufl.</marc:subfield>
   </marc:datafield>
   <marc:datafield ind1="1" ind2=" " tag="520">
      <marc:subfield code="a">Nachdem Evrens Bruder vor fünf Jahren verschwunden ist, verfällt sie nach und nach in ein Schweigen &#x96; die Ärzte diagnostizieren ihr Mutismus. Die Stille ertränkt nicht nur ihren Wunsch, Medizin zu studieren, sondern auch die Verbindungen zu allen Menschen, die ihr nahestehen und begegnen. Talhah, der ihr viel zu häufig über den Weg läuft, lässt sich von Evrens Mauern jedoch nicht beirren. Dabei trägt er selbst eine Geschichte von Flucht und Verlust in sich, die ihm jegliche Stabilität hätte nehmen müssen &#x96; dennoch ist er der erste sichere Grund, den Evren unter ihren Füßen spürt.</marc:subfield>
   </marc:datafield>
   <marc:datafield ind1=" " ind2=" " tag="020">
      <marc:subfield code="a">9783551585349</marc:subfield>
      <marc:subfield code="9">9783551585349</marc:subfield>
   </marc:datafield>
   <marc:datafield ind1=" " ind2=" " tag="020">
      <marc:subfield code="a">3551585342</marc:subfield>
      <marc:subfield code="9">3551585342</marc:subfield>
   </marc:datafield>
   <marc:datafield ind1=" " ind2=" " tag="300">
      <marc:subfield code="a">378 S.</marc:subfield>
   </marc:datafield>
</marc:record>
